000 00740nam a2200241 a 4500
001 BRL_637
005 20190320210829.0
008 130913s1930----gw-a######---#000-0#ger-#
041 _ager
044 _agw
050 4 _aPZ33
_b.L64 1930
100 1 _aLofting, Hugh
_d1886-1947
_924487
245 1 0 _aDoktor Dolittle und Seine Tiere
_cvon Hugh Lofting, illustriert vom Autor ; mit einer Einleitung von Oskar Loerke.
260 _aBerlín
_bWilliams & Co.
_c1930
300 _a176 p.
_bil.
_c23 cm.
500 _aAu648
500 _aEstado físico: Despredimiento del lomo.
650 1 4 _aLiteratura infantil
_924249
700 1 _aLoerke, Oskar
_924488
730 0 _aThe story of Doctor Dolittle
_924489
902 _aGRL
942 _2lcc
_cB
999 _c9449
_d9449